LEADER 01112nam a2200277 i 4500 001 000000079845 003 CaOOAMICUS 005 20181206120903.0 008 171020s2016 it u000 u ita u 013 $a52083 020 $a978-88-6973-138-9 040 $aSeMil$bita 100 1 $aBarbero, Alessandro,$d<1959- >.$0(OLS)http://semarc/name/89980 245 10$aCostantino il vincitore /$cAlessandro Barbero. 260 $aRoma :$bSalerno,$c2016. 300 $a850 p. ;$c24 cm. 490 0 $aBiblioteca storica. Nuova serie ;$v10 600 04$aCostantino I : il Grande .$0(OLS)http://semarc/subject/5102 830 0$aBiblioteca storica. Nuova serie ;$v10.$0(OLS)http://semarc/title/6610 850 $aSeMil 852 $aSeMil$W1$xVenegono$y1$m3T IV 102$j45471$B45471$CSeMilBibl$Z2$F47442 $81 961 $aAcquisto: Hoepli 996 $6020$a978-88-6973-138-9$9(OLS)http://semarc/number/270640 996 $6245$aCostantino il vincitore$9(OLS)http://semarc/title/403684 996 $6260$aRoma :$bSalerno$9(OLS)http://semarc/publisher/30165 LEADER 01226nam a2200277 i 4500 001 000000087196 003 CaOOAMICUS 005 20170313000000.0 008 170313s2006 it u000 u ita u 013 $a59436 020 $a978-88-270-0574-3 040 $aSeMil$bita 100 1 $aOcchialini, Umberto,$d<1930- >.$0(OLS)http://semarc/name/22512 245 10$aDov'eri, Signore, quando... :$bsan Francesco d'Assisi e il mistero del male /$cUmberto Occhialini. 260 $aAssisi (PG) :$bPorziuncola,$c2006. 300 $a79 p. ;$c21 cm. 490 0 $aFrancesco e.. 650 4$aFrancesco : d'Assisi - Spiritualitą.$0(OLS)http://semarc/subject/2540 650 4$aMale.$0(OLS)http://semarc/subject/1418 830 0$aFrancesco e..$0(OLS)http://semarc/title/402178 850 $aSeMil 852 $aSeMil$W1$xVenegono$y1$m3F II 689$j50750$B50750$CSeMilBibl$Z2$F54795 $81 961 $aLascito: Coronelli don Renato 996 $6020$a978-88-270-0574-3$9(OLS)http://semarc/number/271888 996 $6245$aDov'eri, Signore, quando... :$bsan Francesco d'Assisi e il mistero del male$9(OLS)http://semarc/title/405915 996 $6260$aAssisi (PG) :$bPorziuncola$9(OLS)http://semarc/publisher/30584